Places Where Winston Churchill Said We Would Fight the Nazis - Statistics

General Stats
  • This quiz has been taken 14,655 times
  • The average score is 4 of 8
Answer Stats
Enter missing words ... % Correct
we shall fight on the {beaches},
82%
we shall fight with growing confidence and growing strength in the {air}, we shall defend our Island, whatever the cost may be,
67%
we shall fight on the {seas} {and} {oceans}
65%
and in the {streets},
48%
We shall go on to the end, we shall fight in {France},
46%
we shall fight in the {fields}
42%
we shall fight in the {hills}; we shall never surrender
36%
we shall fight on the {landing} {grounds}
30%
No matching quizzes found
Score Distribution
Percent of People with Each Score
Percentile by Number Answered
Your Score History
You have not taken this quiz